Geographic Groups of 1 - Statistics

General Stats
  • This quiz has been taken 776 times
    30 since last reset
  • The average score is 15 of 20
Answer Stats
Clue Answer % Correct
Country that starts with Q Qatar
100%
Country with three capitals South Africa
96%
Island with 3 countries on it Borneo
89%
Great Lake located entirely within the U.S. Michigan
89%
U.S. island state Hawaii
85%
European Union megacity Paris
85%
River that flows through 10 countries Danube
81%
French overseas department in South America French Guiana
81%
Island larger than 1.000.000 km² Greenland
81%
Landlocked country in Indochina Laos
78%
Country with non-rectangular flag Nepal
78%
Sovereign City-state in Asia Singapore
78%
Borough of New York City that is NOT located on an island the Bronx
78%
World capital that starts with I Islamabad
74%
Country where the emperor is the head of state Japan
67%
Sovereign monarchy in Oceania Tonga
67%
City that hosted both summer and winter Olympics Beijing
48%
U.S. state capital that starts with F Frankfort
44%
Sea without land boundaries Sargasso Sea
33%
Divided world capital Nicosia
30%
No matching quizzes found
Score Distribution
Percent of People with Each Score
Percentile by Number Answered
Your Score History
You have not taken this quiz since the last reset